The Effect of Fiscal Policy Changes on Re-Election Prospects in European Countries diplomová práca
Saved in:
| Main Author: | |
|---|---|
| Corporate Authors: | , |
| Other Authors: | |
| Format: | Book |
| Language: | Slovak |
| Published: |
Bratislava
2022
|
| Tags: |
No Tags, Be the first to tag this record!
|
MARC
| LEADER | 00000nbm a2200000 4500 | ||
|---|---|---|---|
| 001 | 0284059 | ||
| 005 | 20230227142626.0 | ||
| 041 | 0 | |a slo | |
| 044 | |a SK | ||
| 245 | 1 | 0 | |a The Effect of Fiscal Policy Changes on Re-Election Prospects in European Countries |b diplomová práca |c Jakub Karas ; školiteľ: Kristína Jančovičová Bognárová |
| 264 | 1 | |a Bratislava |c 2022 | |
| 300 | |a 45 s. | ||
| 100 | 1 | |a Karas, Jakub | |
| 700 | 1 | |a Jančovičová Bognárová, Kristína, 1979- | |
| 710 | 2 | |a Národohospodárska fakulta EU. Katedra financií | |
| 710 | 2 | |a Nottingham Trent University. Nottingham Business School | |